Bayesovský odhad strednej hodnoty vybraného ukazovateľa z výberového zisťovania EU SILC

Bibliographic Details
Main Author: Kotlebová, Eva, 1958- (Author)
Format: Article
Language:Slovak
PhysicalDescription:Grafy, tab.
ISBN:9788022527040
Subjects:

MARC

LEADER 00000naa a2200000 ar4500
001 vtls009969805
003 SK-MaSNL
005 20260426023543.0
008 091113c2009 xo mr|p|||||||000 b|slo
015 |a SNBRA2009/11  |2 snkbucl 
038 |a SNKBUCL 
040 |a SNKBUCL  |b slo  |c SNKBUCL  |e AACR2 
041 0 |a slo  |b eng 
044 |a xo  |c SK 
080 |a 519.226:64.031.6:365  |x (437.6)  |2 2001 
080 |a 64.031.6:365  |x (437.6)  |2 2001 
100 1 |a Kotlebová, Eva,  |d 1958-  |4 aut  |9 194670 
245 1 0 |a Bayesovský odhad strednej hodnoty vybraného ukazovateľa z výberového zisťovania EU SILC  |c Eva Kotlebová 
300 |b Grafy, tab. 
504 |a Bibliogr. odkazy 
546 |a Res. angl. 
650 0 7 |a náklady na bývanie  |2 snkbucl  |9 834100 
650 0 7 |a štatistické zisťovanie  |2 snkbucl  |9 49919 
650 0 7 |a odhad  |2 snkbucl  |9 742548 
650 0 7 |a bayesovská štatistika  |2 snkbucl  |9 834101 
651 7 |a Slovensko  |2 snkbucl  |9 14231 
773 0 |t Štatistické metódy v ekonómii so zameraním na sociálne analýzy  |d Bratislava : Ekonóm, 2009  |g S. 141-156  |z 9788022527040 
852 |a SNK  |b KIS3GCP 
958 |a NB 
999 |c 1346095  |d 1348025